<?xml version="1.0" encoding="UTF-8"?><?xml-stylesheet type="text/xsl" href="static/style.xsl"?><OAI-PMH xmlns="http://www.openarchives.org/OAI/2.0/" xmlns:xsi="http://www.w3.org/2001/XMLSchema-instance" xsi:schemaLocation="http://www.openarchives.org/OAI/2.0/ http://www.openarchives.org/OAI/2.0/OAI-PMH.xsd"><responseDate>2026-06-02T04:00:53Z</responseDate><request verb="GetRecord" identifier="oai:riubu.ubu.es:10259/7247" metadataPrefix="marc">https://riubu.ubu.es/oai/request</request><GetRecord><record><header><identifier>oai:riubu.ubu.es:10259/7247</identifier><datestamp>2023-03-17T11:04:46Z</datestamp><setSpec>com_10259_3847</setSpec><setSpec>com_10259_5086</setSpec><setSpec>com_10259_2604</setSpec><setSpec>col_10259_3848</setSpec></header><metadata><record xmlns="http://www.loc.gov/MARC21/slim" xmlns:doc="http://www.lyncode.com/xoai" xmlns:xsi="http://www.w3.org/2001/XMLSchema-instance" xmlns:dcterms="http://purl.org/dc/terms/" xsi:schemaLocation="http://www.loc.gov/MARC21/slim http://www.loc.gov/standards/marcxml/schema/MARC21slim.xsd">
<leader>00925njm 22002777a 4500</leader>
<datafield tag="042" ind1=" " ind2=" ">
<subfield code="a">dc</subfield>
</datafield>
<datafield tag="720" ind1=" " ind2=" ">
<subfield code="a">Casado Vara, Roberto Carlos</subfield>
<subfield code="e">author</subfield>
</datafield>
<datafield tag="720" ind1=" " ind2=" ">
<subfield code="a">Martín del Rey, Ángel</subfield>
<subfield code="e">author</subfield>
</datafield>
<datafield tag="720" ind1=" " ind2=" ">
<subfield code="a">Alonso Rincón, Ricardo S.</subfield>
<subfield code="e">author</subfield>
</datafield>
<datafield tag="720" ind1=" " ind2=" ">
<subfield code="a">Trabelsi, Saber</subfield>
<subfield code="e">author</subfield>
</datafield>
<datafield tag="720" ind1=" " ind2=" ">
<subfield code="a">Corchado, Juan M.</subfield>
<subfield code="e">author</subfield>
</datafield>
<datafield tag="260" ind1=" " ind2=" ">
<subfield code="c">2020-08</subfield>
</datafield>
<datafield tag="520" ind1=" " ind2=" ">
<subfield code="a">The concept of smart cities emerged in the 1990s. Since then, smart buildings have become&#xd;
a closely interconnected element of smart cities. This type of building implements Internet of Things&#xd;
technology and control algorithms to monitor and control their indoor environment. The aim of&#xd;
this paper is to develop a new stability criterion method for smart building Internet of Things&#xd;
(IoT) systems, subject to external disturbances. The new stability criterion is going to optimize the&#xd;
operation of control algorithms since this criterion does not depend on the transmission function of&#xd;
the control algorithm but on the data collected by the IoT system. We present a new matrix called&#xd;
“Laplacian IoT matrix”, containing IoT network information associated with the graph of a smart&#xd;
building. The proposal is supported by the results of a numerical case study.</subfield>
</datafield>
<datafield tag="024" ind2=" " ind1="8">
<subfield code="a">http://hdl.handle.net/10259/7247</subfield>
</datafield>
<datafield tag="024" ind2=" " ind1="8">
<subfield code="a">10.3390/math8091412</subfield>
</datafield>
<datafield tag="024" ind2=" " ind1="8">
<subfield code="a">2227-7390</subfield>
</datafield>
<datafield ind1=" " ind2=" " tag="653">
<subfield code="a">IoT</subfield>
</datafield>
<datafield ind1=" " ind2=" " tag="653">
<subfield code="a">External disturbances</subfield>
</datafield>
<datafield ind1=" " ind2=" " tag="653">
<subfield code="a">Stability criterion</subfield>
</datafield>
<datafield ind1=" " ind2=" " tag="653">
<subfield code="a">Graph theory</subfield>
</datafield>
<datafield ind1=" " ind2=" " tag="653">
<subfield code="a">Laplacian matrix</subfield>
</datafield>
<datafield tag="245" ind1="0" ind2="0">
<subfield code="a">A New Stability Criterion for IoT Systems in Smart Buildings: Temperature Case Study</subfield>
</datafield>
</record></metadata></record></GetRecord></OAI-PMH>